Safety shutdown systems : design, analysis, and justification /
Guardado en:
| Autor Principal: | |
|---|---|
| Otros Autores: | |
| Formato: | Libro |
| Idioma: | English |
| Publicado: |
Research Triangle Park, NC :
Instrument Society of America (ISA),
c1998.
|
| Materias: | |
| Etiquetas: |
Agregar Etiqueta
Sin Etiquetas, Sea el primero en etiquetar este registro!
|
| LEADER | 00822pam a22002175a 4500 | ||
|---|---|---|---|
| 001 | EIQ.libpla002883 | ||
| 008 | 980806s1998####ncua#####b####001#0#eng#d | ||
| 005 | 20070907151701.0 | ||
| 245 | 1 | 0 | |a Safety shutdown systems : |b design, analysis, and justification / |c by Paul Gruhn and Harry Cheddie. |
| 260 | |a Research Triangle Park, NC : |b Instrument Society of America (ISA), |c c1998. | ||
| 300 | |a xix, 239 p. : |b il. ; |c 26 cm. | ||
| 504 | |a Incluye referencias bibliográficas e índice. | ||
| 020 | |a 1556176651 | ||
| 100 | 1 | |a Gruhn, Paul. | |
| 700 | 1 | |a Cheddie, Harry. | |
| 082 | 0 | 0 | |a 660/.2815 |2 21 |
| 650 | 4 | |a Control procesos químicos |x Medidas de seguridad. | |
| 650 | 0 | |a Chemical process control |x Safety measures. | |
| 010 | |a 98038897 | ||
| 040 | |a DLC |c DLC |d AR-BbSID | ||
| 859 | |a AR-BbSID |b BIB. PLAPIQUI |h 660.281 5 |i G 923 |p 5122 | ||
